Biblioteca
Vista normal Vista MARC
  • Regeneración (Teología)

Entrada Tema o Materia

Número de registros utilizados en: 2

001 - NUMERO DE CONTROL

  • Campo de control: 1160

003 - IDENTIFICADOR DEL NUMERO DE CONTROL

  • Campo de control: CO-MdFUSB

005 - HORA Y FECHA DE LA ULTIMA TRANSACCIÓN

  • Campo de control: 20180320183743.0

008 - CAMPO DE LONGITUD FIJA

  • Campo fijo de descripción fija: 060505|| acannaabn |a aaa

040 ## -

  • : CO-MdFUSB
  • : CO-MdFUSB

053 #0 - NUMERO DE CLASIFICACIÓN (LC)

  • Número clasificador : BT790

150 ## - ENCABEZAMIENTO DE MATERIA-TEMA

  • Téma o Materia: Regeneración (Teología)

450 ## - REFERENCIA DE ENVIO “VEASE” - MATERIA

  • Encabezamiento temático : Nuevo nacimiento (Teología)

550 ## - REFERENCIA DE ENVIO "VEASE ADEMAS" - MATERIA

  • Encabezamiento temático o nombre geográfico como elemento de entrada: Gracia (Teología)
  • Subcampo de control: g

550 ## - REFERENCIA DE ENVIO "VEASE ADEMAS" - MATERIA

  • Encabezamiento temático o nombre geográfico como elemento de entrada: Sacramentos
  • Subcampo de control: g

550 ## - REFERENCIA DE ENVIO "VEASE ADEMAS" - MATERIA

  • Encabezamiento temático o nombre geográfico como elemento de entrada: Salvación |x Cristianismo

670 ## - FUENTE EN LA QUE SE LOCALIZARON DATOS

  • Cita de la fuente : ARMARC

670 ## - FUENTE EN LA QUE SE LOCALIZARON DATOS

  • Cita de la fuente : LCSH

750 #0 - ASIENTO LIGADO AL ENCABEZAMIENTO - TEMATICO

  • Número de control del registro: sh 85112345
  • Encabezamiento temático : Regeneration (Theology)

Biblioteca FUSBC | Teléfono: (57+4) 349 88 10 Ext. 141| WhatsApp (+57) 3005338115 
E-mail: biblioteca@unisbc.edu.co | Calle 76 87-14 Robledo Palenque, Medellín, Colombia

Con tecnología Koha